000 00503nam a22001577a 4500
005 20251117094902.0
008 251117b |||||||| |||| 00| 0 eng d
020 _a979-8-88715-406-0
100 _aADAM, RALPH STEPHAN
245 _aBAR AND BEVERAGE MANAGEMENT
260 _aDUBLIN
_bORYSON PRESS
_c2024
300 _aXII, 332P.
500 _aINCLUDES INDEX
650 _a1.BARS (DRINKING ESTABLISHMENTS) - MANAGEMENT 2. BEVERAGES - MANAGEMENT 3. HOSPITALITY INDUSTRY - MANAGEMENT
942 _2lcc
_cBK
999 _c216190
_d216190